| 000 | 00511nam a22001577a 4500 | ||
|---|---|---|---|
| 003 | PILC | ||
| 005 | 20260212165257.0 | ||
| 008 | 131019t xxu||||| |||| 00| 0 eng d | ||
| 020 | _a9780070077935 | ||
| 050 |
_aHG 4028 _b.C456 2009 |
||
| 100 |
_aChandra, Prasanna _930060 |
||
| 245 |
_aProjects : _bplanning, analysis, selection, financing, implementation, and review / _cPrasanna Chandra. |
||
| 260 |
_aNagar, New Delhi ; _bTata McGraw-Hill Education , _c2009. |
||
| 300 |
_a473 pages : _c26 cm. |
||
| 942 |
_2lcc _cBK |
||
| 999 |
_c15011 _d15011 |
||